Actors who worked with Ryan Coogler - Statistics

General Stats
  • This quiz has been taken 42 times
    25 since last reset
  • The average score is 12 of 33
Answer Stats
Films Answer % Correct
Black Panther, Black Panther: Wakanda Forever, Creed, Fruitvale Station, Sinners Michael B. Jordan
100%
Black Panther, Black Panther: Wakanda Forever Lupita Nyong'o
86%
Black Panther Chadwick Boseman
79%
Sinners Hailee Steinfeld
79%
Creed Sylvester Stallone
79%
Black Panther, Black Panther: Wakanda Forever Angela Bassett
64%
Black Panther, Black Panther: Wakanda Forever Martin Freeman
64%
Black Panther, Black Panther: Wakanda Forever Letitia Wright
57%
Black Panther Andy Serkis
50%
Black Panther, Black Panther: Wakanda Forever Danai Gurira
50%
Black Panther Daniel Kaluuya
50%
Black Panther, Black Panther: Wakanda Forever Winston Duke
50%
Creed Tessa Thompson
43%
Sinners Delroy Lindo
36%
Black Panther Forest Whitaker
36%
Sinners Jack O'Connell
36%
Black Panther: Wakanda Forever Julia Louis-Dreyfus
36%
Fruitvale Station Octavia Spencer
36%
Black Panther: Wakanda Forever Dominique Thorne
29%
Sinners Miles Caton
29%
Black Panther Sterling K. Brown
29%
Sinners Wunmi Mosaku
29%
Black Panther: Wakanda Forever Tenoch Huerta Mejía
21%
Black Panther, Black Panther: Wakanda Forever Isaach De Bankolé
14%
Sinners Jayme Lawson
14%
Fruitvale Station Kevin Durand
14%
Creed Phylicia Rashad
14%
Fruitvale Station Chad Michael Murray
7%
Black Panther, Black Panther: Wakanda Forever Florence Kasumba
7%
Black Panther: Wakanda Forever Lake Bell
7%
Fruitvale Station Ahna O`Reilly
0%
Creed Andre Ward
0%
Fruitvale Station Melonie Diaz
0%
No matching quizzes found
Score Distribution
Percent of People with Each Score
Percentile by Number Answered
Your Score History
You have not taken this quiz since the last reset